ŞİRİN İŞ BAŞINDA 1 İŞ DÜNYASINI NASIL KARIŞTIRDIM (Kayıt no. 644202)

MARC ayrıntıları
000 -LEADER
sabit uzunluktaki kontrol alanı 00287nam a2200097Ia 4500
001 - KONTROL NUMARASI
kontrol alanı 644202
005 - EN SON İŞLEMİN TARİH VE ZAMANI
kontrol alanı 20250826153600.0
008 - SABİT-UZUNLUKTA VERİ ÖĞELERİ--GENEL BİLGİ
sabit uzunluktaki kontrol alanı 250824s9999 xx 000 0 und d
245 #0 - ESER / YAZAR
ESER ADI ŞİRİN İŞ BAŞINDA 1 İŞ DÜNYASINI NASIL KARIŞTIRDIM
Yazar Adı BİRSEN EKİM ÖZEN
260 ## - YAYIN, DAĞITIM, VB.
YAYIN EVİ TİMAŞ ÇOCUK
Mevcut
Düşüm durumu Kayıp durumu Hasar Durumu Ödünç verilmez Ana kütüphane Geçerli Kütüphane Edinilen tarih Toplam ödünç verme sayısı Barkod Son görüntüleme tarihi Son ödünç verme tarihi Fiyatın geçerli olmaya başladığı tarih Koha materyal türü
        AKINCILAR AHMET HAŞHAŞ İLKOKULU AKINCILAR AHMET HAŞHAŞ İLKOKULU 24.08.2025 1 10041887 30.10.2025 23.10.2025 26.08.2025 Kitaplar
Gemini Bilgi Teknolojileri A.Ş. tarafından düzenlenmiştir.